[Event "Hampshire-chB"]
[Site "Fareham"]
[Date "2022.11.05"]
[Round "2"]
[White "Bradley, William"]
[Black "Deacon, Matthew"]
[Result "1-0"]
[WhiteElo "1827"]
[BlackElo "1717"]
[PlyCount "77"]
[EventDate "2022.11.04"]
[EventType "swiss"]
[EventRounds "6"]
[EventCountry "ENG"]
[SourceTitle "EXT 2024"]
[Source "ChessBase"]
[SourceDate "2023.10.10"]
[SourceVersion "1"]
[SourceVersionDate "2023.10.10"]
[SourceQuality "1"]

1. e4 c5 2. Nc3 g6 3. f4 Bg7 4. Nf3 d6 5. Bc4 Nc6 6. 0-0 Nf6 7. d3 0-0 8. Qe1 Na5 9. Bb3 Nxb3 10. axb3 Nd7 11. Qh4 e6 12. Qh3 Re8 13. g4 Nf8 14. Qg3 a6 15. h4 f5 16. g5 b5 17. Nxb5 Qb6 18. Nc3 c4+ 19. Qf2 Qxf2+ 20. Rxf2 cxb3 21. cxb3 Rb8 22. Ra3 Bb7 23. Re2 Rec8 24. b4 fxe4 25. dxe4 d5 26. e5 Rc4 27. Na2 Bc6 28. b3 Rxc1+ 29. Nxc1 Rxb4 30. Nd3 Rb6 31. Nd4 Bb5 32. Nxb5 Rxb5 33. b4 Rb6 34. Rea2 Rc6 35. Nc5 Rb6 36. Rb2 h5 37. Rxa6 Rxa6 38. Nxa6 Nd7 39. Nc5 1-0

[Event "Hampshire-chB"]
[Site "Fareham"]
[Date "2022.11.04"]
[Round "1"]
[White "Deacon, Matthew"]
[Black "Edney, Richard H"]
[Result "1/2-1/2"]
[WhiteElo "1717"]
[BlackElo "1859"]
[PlyCount "55"]
[EventDate "2022.11.04"]
[EventType "swiss"]
[EventRounds "6"]
[EventCountry "ENG"]
[SourceTitle "EXT 2024"]
[Source "ChessBase"]
[SourceDate "2023.10.10"]
[SourceVersion "1"]
[SourceVersionDate "2023.10.10"]
[SourceQuality "1"]

1. d4 Nf6 2. c4 g6 3. Nc3 Bg7 4. e4 d6 5. Nf3 0-0 6. Be2 e5 7. d5 Nbd7 8. 0-0 a5 9. Bg5 h6 10. Bh4 Nc5 11. Qc2 g5 12. Bg3 Nh5 13. h4 Nxg3 14. fxg3 g4 15. Ne1 Qe7 16. Nd3 Nxd3 17. Bxd3 Bd7 18. b3 h5 19. a3 Bh6 20. Qe2 Kh7 21. Nd1 c5 22. a4 f6 23. Ne3 Bxe3+ 24. Qxe3 Rf7 25. Rf2 Rg8 26. Raf1 Rg6 27. Qd2 b6 28. Qc2 1/2-1/2

[Event "GBR-ch U12 106th"]
[Site "Torquay"]
[Date "2019.07.31"]
[Round "4"]
[White "Deacon, Matthew"]
[Black "Srikanta Prasad, Suyash"]
[Result "0-1"]
[WhiteElo "1495"]
[BlackElo "1185"]
[PlyCount "80"]
[EventDate "2019.07.28"]
[EventType "swiss"]
[EventRounds "7"]
[EventCountry "ENG"]
[SourceTitle "EXT 2020"]
[Source "ChessBase"]
[SourceDate "2019.10.17"]
[SourceVersion "1"]
[SourceVersionDate "2019.10.17"]
[SourceQuality "1"]

1. d4 d5 2. c4 e6 3. Nc3 c5 4. cxd5 exd5 5. Nf3 Nc6 6. Bf4 Nf6 7. e3 a6 8. dxc5 Bxc5 9. Be2 0-0 10. 0-0 Be6 11. Rc1 Be7 12. Bd3 Nh5 13. Bg3 Nxg3 14. hxg3 Bf6 15. Bb1 Qa5 16. Kh2 Rfd8 17. Qc2 g6 18. Qe2 Bg4 19. Qe1 Rac8 20. Nd1 Qxe1 21. Rxe1 Ne5 22. Rxc8 Rxc8 23. Nxe5 Bxe5 24. Nc3 Bxc3 25. bxc3 Rxc3 26. f3 Be6 27. g4 Kg7 28. Kg3 Kf6 29. e4 d4 30. Rh1 d3 31. Rd1 Bc4 32. Kf4 g5+ 33. Ke3 Ke5 34. Bxd3 Bxd3 35. Rxd3 Rxd3+ 36. Kxd3 Kf4 37. Kd4 Kg3 38. Ke5 Kxg2 39. Kf6 Kxf3 40. e5 Ke4 0-1

[Event "GBR-ch U12 106th"]
[Site "Torquay"]
[Date "2019.07.29"]
[Round "2"]
[White "Deacon, Matthew"]
[Black "Merriman, James"]
[Result "1-0"]
[WhiteElo "1495"]
[BlackElo "1808"]
[PlyCount "99"]
[EventDate "2019.07.28"]
[EventType "swiss"]
[EventRounds "7"]
[EventCountry "ENG"]
[SourceTitle "EXT 2020"]
[Source "ChessBase"]
[SourceDate "2019.10.17"]
[SourceVersion "1"]
[SourceVersionDate "2019.10.17"]
[SourceQuality "1"]

1. d4 e6 2. c4 Nf6 3. Nc3 Bb4 4. g3 d5 5. Bg2 0-0 6. Nf3 c6 7. 0-0 Nbd7 8. Qb3 Qe7 9. Bd2 Bd6 10. Rac1 Bc7 11. Bg5 h6 12. Bd2 Nb6 13. cxd5 exd5 14. Rfe1 Bf5 15. Nh4 Bh7 16. Bh1 Rfe8 17. Ng2 Nc4 18. Bf4 Bb6 19. Rcd1 Qd7 20. Ne3 g5 21. Be5 Nxe5 22. dxe5 Rxe5 23. Nc2 g4 24. e3 Rae8 25. Na4 Ba5 26. Re2 Ne4 27. a3 b5 28. Bxe4 Bxe4 29. Nc5 Qe7 30. Nxe4 Rxe4 31. Nd4 Qf6 32. Qc2 Rc8 33. Qb1 a6 34. Rc2 Bb6 35. Nb3 Qf3 36. Rd3 Ree8 37. Rdc3 Re6 38. Nd2 Qf6 39. Rd3 Qg6 40. Rxd5 Re7 41. Nf1 h5 42. Rdd2 h4 43. Rc1 Qh6 44. Qf5 Qe6 45. Qxe6 Rxe6 46. gxh4 Rh6 47. Ng3 Ba5 48. b4 Bb6 49. Rd7 Rxh4 50. Nf5 1-0

[Event "BCF-chT4S 1819 (4NCL)"]
[Site "England"]
[Date "2019.02.09"]
[Round "5.144"]
[White "Sheikh, Anum"]
[Black "Deacon, Matthew"]
[Result "1-0"]
[WhiteElo "1573"]
[BlackElo "1495"]
[PlyCount "113"]
[EventDate "2018.11.17"]
[EventType "team-swiss"]
[EventRounds "11"]
[EventCountry "ENG"]
[SourceTitle "EXT 2021"]
[Source "ChessBase"]
[SourceDate "2020.10.23"]
[SourceVersion "1"]
[SourceVersionDate "2020.10.23"]
[SourceQuality "1"]
[WhiteTeam "Rook & Roll"]
[BlackTeam "Wessex III"]
[WhiteTeamCountry "ENG"]
[BlackTeamCountry "ENG"]

1. e4 c5 2. Nf3 g6 3. d4 cxd4 4. Nxd4 Nc6 5. Nc3 Nf6 6. Be2 Bg7 7. Be3 0-0 8. Qd2 Re8 9. f3 d5 10. 0-0-0 Nxd4 11. Bxd4 dxe4 12. Nxe4 Nxe4 13. fxe4 Be6 14. Bxg7 Qxd2+ 15. Rxd2 Kxg7 16. Kb1 Rad8 17. Rhd1 Rxd2 18. Rxd2 Kf6 19. Bf3 Ke5 20. b3 Rc8 21. Kb2 Rc7 22. g3 Rd7 23. Kc3 Rxd2 24. Kxd2 Bd7 25. Ke3 Bc6 26. c3 f5 27. exf5 Bxf3 28. Kxf3 gxf5 29. Ke3 e6 30. c4 h6 31. h3 h5 32. h4 Kf6 33. b4 e5 34. a4 Ke6 35. Kd3 Kd6 36. Ke3 Ke6 37. Kd3 f4 38. gxf4 exf4 39. Ke4 Kf6 40. Kxf4 Ke6 41. a5 Kd6 42. Kg5 Ke5 43. Kxh5 Kd4 44. Kg6 Kxc4 45. h5 Kxb4 46. a6 b5 47. h6 Ka5 48. h7 Kxa6 49. h8Q Ka5 50. Qa1+ Kb6 51. Kf5 a5 52. Ke4 a4 53. Kd4 Ka5 54. Qc3+ Ka6 55. Kc5 Ka7 56. Qa5+ Kb7 57. Qb6+ 1-0